Sports Quiz

Random Sports or Basketball Quiz

NBA Defensive POY Quiz Stats

 Plays Quiz Updated Sep 21, 2018

Score 0/36 Timer 05:00
20 Plays Today
Year Winner % Correct
2016-17Draymond Green
95.9%
2015-16Kawhi Leonard
94.9%
2014-15Kawhi Leonard
94.1%
2007-08Kevin Garnett
93.5%
2001-02Ben Wallace
92.4%
2002-03Ben Wallace
92.4%
2004-05Ben Wallace
92.4%
2005-06Ben Wallace
92.4%
2012-13Marc Gasol
90.7%
2017-18Rudy Gobert
90.1%
2013-14Joakim Noah
89.5%
2008-09Dwight Howard
86.2%
1991-92David Robinson
81.7%
1992-93Hakeem Olajuwon
81.5%
1993-94Hakeem Olajuwon
81.5%
1987-88Michael Jordan
81.1%
1998-99Alonzo Mourning
76.6%
1999-00Alonzo Mourning
76.6%
Year Winner % Correct
2011-12Tyson Chandler
75.1%
1995-96Gary Payton
72.7%
1989-90Dennis Rodman
69.7%
1990-91Dennis Rodman
69.7%
1994-95Dikembe Mutombo
69.6%
1996-97Dikembe Mutombo
69.6%
1997-98Dikembe Mutombo
69.6%
2000-01Dikembe Mutombo
69.6%
2009-10Dwight Howard
67.3%
2003-04Ron Artest
63.4%
2006-07Marcus Camby
57.1%
2010-11Dwight Howard
54.6%
1984-85Mark Eaton
32.1%
1988-89Mark Eaton
32.1%
1986-87Michael Cooper
31%
1985-86Alvin Robertson
25.9%
1982-83Sidney Moncrief
23.9%
1983-84Sidney Moncrief
23.9%

You're not logged in!

Compare scores with friends on all Sporcle quizzes.
OR
Log In

Show Comments

Extras

Top Quizzes Today


Score Distribution

Your Account Isn't Verified!

In order to create a playlist on Sporcle, you need to verify the email address you used during registration. Go to your Sporcle Settings to finish the process.

Report this User

Report this user for behavior that violates our Community Guidelines.

Details: